papa louie characters - Statistics

General Stats
  • This quiz has been taken 137 times
  • The average score is 13 of 16
Answer Stats
Picture Answer % Correct
Penny
94%
Alberto
90%
Big Pauly
90%
Prudence
90%
Akari
87%
Sasha
87%
Taylor
87%
Rita
85%
Roy
84%
Peggy
79%
Maggie
75%
Mandi
75%
Cooper
74%
Trishna
63%
Kenji
62%
Hope
61%
No matching quizzes found
Score Distribution
Percent of People with Each Score
Percentile by Number Answered
Your Score History
You have not taken this quiz